Statistiques concernant Filmographie de Yasujirō Ozu

Cliquez ici pour prendre le quiz!

Statistiques générales

  • Ce quiz a été pris 17 fois
  • Le résultat moyen est 11 sur 38

Statistiques - réponses

SortieTitre français du film% Correct
1962Le Goût du saké
86%
1959Bonjour
79%
1953Voyage à Tokyo
71%
1951Été précoce
64%
1932Gosses de Tokyo
64%
1949Printemps tardif
64%
1961Dernier Caprice
50%
1956Printemps précoce
50%
1960Fin d'automne
43%
1959Herbes flottantes
43%
1934Histoire d'herbes flottantes
43%
1942Il était un père
43%
1958Fleurs d'équinoxe
36%
1933Une femme de Tokyo
36%
1957Crépuscule à Tokyo
29%
1929J'ai été diplômé, mais...
29%
1931Le Chœur de Tokyo
29%
1936Le Fils unique
29%
1952Le Goût du riz au thé vert
29%
1947Récit d'un propriétaire
29%
1935Une auberge à Tokyo
29%
1948Une poule dans le vent
29%
1937Qu'est-ce que la dame a oublié ?
21%
1933Femmes et Voyous
14%
1930J'ai été recalé, mais...
14%
1941Les Frères et Sœurs Toda
14%
1933Cœur capricieux
7%
1929Combats amicaux à la japonaise
7%
1929Jours de jeunesse
7%
1931La Dame et le Barbu
7%
1936{La Danse du lion} (documentaire)
7%
1934L'Amour d'une mère
7%
1929Le Galopin
7%
1950Les Sœurs Munakata
7%
1932Où sont les rêves de jeunesse ?
7%
1930Va d'un pas léger
7%
1936Le collège est un endroit agréable
0%
1930L'Épouse de la nuit
0%

Distribution des résultats

Percentile par nombre de réponses

% des personnes avec chaque résultat

Votre développement - résultats

Vous n’avez pas pris ce quiz